Körmös

Elmentve itt :
Bibliográfiai részletek
Szerző: Kamarás István
Dokumentumtípus: Cikk
Megjelent: 1994
Sorozat:Iskolakultúra 4 No. 13
Kulcsszavak:Magyar irodalom - novella
Online Access:http://misc.bibl.u-szeged.hu/44285
LEADER 00563nab a2200181 i 4500
001 misc44285
005 20191106141144.0
008 180921s1994 hu o 0|| zxx d
022 |a 1215-5233 
040 |a SZTE Miscellanea Repozitórium  |b hun 
041 |a zxx 
100 1 |a Kamarás István 
245 1 0 |a Körmös  |h [elektronikus dokumentum] /  |c  Kamarás István 
260 |c 1994 
300 |a 82 
490 0 |a Iskolakultúra  |v 4 No. 13 
695 |a Magyar irodalom - novella 
856 4 0 |u http://misc.bibl.u-szeged.hu/44285/1/iskolakultura_1994_013_082.pdf  |z Dokumentum-elérés